| Tag |
First Indicator |
Second Indicator |
Subfields |
| LEADER |
00000cam a2200000 a 4500 |
| 001 |
in00000019438 |
| 005 |
20151007053621.0 |
| 008 |
870421s1988 flua b 00110 eng |
| 010 |
|
|
|a 87010072
|
| 020 |
|
|
|a 0849368863
|
| 035 |
|
|
|a (OCoLC)15654630
|
| 035 |
|
|
|9 AAB2248AM
|
| 040 |
|
|
|a DLC
|c DLC
|d TXA
|d UtOrBLW
|
| 049 |
|
|
|a TXAM
|c [A11061676]
|
| 050 |
0 |
0 |
|a TP156.F5
|b R45 1988
|
| 082 |
0 |
|
|a 338.4/766028449
|2 19
|
| 100 |
1 |
|
|a Reisman, Harold B.
|
| 245 |
1 |
0 |
|a Economic analysis of fermentation processes /
|c Harold B. Reisman.
|
| 264 |
|
1 |
|a Boca Raton, Fla. :
|b CRC Press,
|c [1988]
|
| 264 |
|
4 |
|c ©1988
|
| 300 |
|
|
|a 235 pages :
|b illustrations ;
|c 26 cm.
|
| 336 |
|
|
|a text
|b txt
|2 rdacontent
|
| 337 |
|
|
|a unmediated
|b n
|2 rdamedia
|
| 338 |
|
|
|a volume
|b nc
|2 rdacarrier
|
| 504 |
|
|
|a Bibliography: pages 219-225.
|
| 500 |
|
|
|a Includes index.
|
| 650 |
|
0 |
|a Fermentation.
|
| 999 |
|
|
|a MARS
|
| 999 |
f |
f |
|s ca9e3999-42a8-34de-9979-08fa708433b8
|i 6c76d303-c2c3-3c01-93af-fae518e48e93
|t 0
|
| 952 |
f |
f |
|p ric
|a Texas A&M University
|b Rellis Campus
|c Joint Library Facility
|d Remote Storage
|t 0
|e TP156.F5 R45 1988
|h Library of Congress classification
|i unmediated -- volume
|m A14811061676
|
| 998 |
f |
f |
|a TP156.F5 R45 1988
|t 0
|l Remote Storage
|